Il problema dei negozi giuridici unilaterali

محفوظ في:
التفاصيل البيبلوغرافية
المؤلف الرئيسي: Donisi, Carmine (مؤلف)
التنسيق: كتاب
اللغة:الإيطالية
منشور في: Nápoles Jovene 1972
سلاسل:Pubblicazioni della Facolta Giuridica dell'Universita di Napoli, 135
الموضوعات:
الوسوم: إضافة وسم
لا توجد وسوم, كن أول من يضع وسما على هذه التسجيلة!

MARC

LEADER 00000nam a2200000 a 4500
001 UCV2354
003 CL-VaPUC
008 920610e19720000it |||||||||||||||||ita|d
082 0 4 |a 346.02  |b DON  |2 21 
100 0 |a Donisi, Carmine  |e author  |9 296613 
245 1 3 |a Il problema dei negozi giuridici unilaterali 
300 |a 507 p 
942 |c BK 
945 |d 19920610 00:00:00 
260 |a Nápoles  |b Jovene  |c 1972 
650 0 |a Derecho civil  |9 255013 
583 |a last modification  |c 20171221 01:05:58  |k Rodrigo Vera 
490 0 |a Pubblicazioni della Facolta Giuridica dell'Universita di Napoli, 135 
999 |c 209961  |d 209959 
952 |0 0  |1 0  |4 0  |6 346_020000000000000_DON_1972  |7 0  |8 A  |9 185865  |a BIBDER  |b BIBDER  |d 2019-11-14  |i 2533286  |o 346.02 DON 1972  |p 2533286  |r 2023-01-25  |w 2019-11-14  |y BK  |k DER